00889nam a22002297a 450000500170000001000150001702000260003203500140005803700090007208200150008110000310009624501060012725000060023326000410023927000880028030000200036870000360038870000360042494200260046099900190048695201540050520250707153107.0 aENG-145743 c829.00a9789361595844 aEN-129275 bDBAD a621.43421 aMandal, Bijan Kumar982710 aFundamentals of Internal Combustion Engines/cBijan Kumar Mandal; Amitava Sarkar [and] Ambarish Datta a1 aNoidabPearson India Educationc2025 a15th Floor, Towe-B, World Trade Tower, Plot No.1, Block-C, Sector-16bNoidae201301 a851p.c23cm(pb) aSarkar, Amitava eAuthor982711 aDatta, Ambarish eAuthor982712 2ddccENh621.434mMAN c212193d212193 001040708NFICaLbLd2025-07-07eDelivery of Books Act Divisiong829.00l0o621.434 MANpEN-129275r2025-07-07 00:00:00t1v829.00w2025-07-07yEN